Équipe de France de rugby - Coupe du monde 2019 - Statistiques

Statistiques générales
  • Ce quiz a été pris 230 fois
  • Le résultat moyen est 20 sur 35
Statistiques - réponses
Poste Joueur Club % Correct
Demi de mêlée Antoine Dupont Stade Toulousain
91%
Ouvreur Romain Ntamack Stade Toulousain
88%
Pilier Cyril Baille Stade Toulousain
84%
Talonneur Guilhem Guirado Montpellier HR
80%
Talonneur Camille Chat Racing 92
78%
Centre Gaël Fickou Stade Français
78%
Arrière Thomas Ramos Stade Toulousain
77%
Ailier Damian Penaud ASM Clermont
75%
Demi de mêlée Baptiste Serin RC Toulon
73%
Ouvreur Camille Lopez ASM Clermont
73%
Pilier Demba Bamba Lyon OU
73%
Troisième Ligne Grégory Alldritt Stade Rochelais
72%
Troisième Ligne Charles Ollivon RC Toulon
69%
Talonneur Peato Mauvaka Stade Toulousain
68%
Pilier Jefferson Poirot Bordeaux-Bègles
67%
Demi de mêlée Maxime Machenaud Racing 92
65%
Arrière Maxime Médard Stade Toulousain
64%
Pilier Rabah Slimani ASM Clermont
60%
Centre Virimi Vakatawa Racing 92
59%
Ailier Alivereti Raka ASM Clermont
58%
Deuxième Ligne Bernard Le Roux Racing 92
57%
Ailier Yoann Huget Stade Toulousain
55%
Troisième Ligne Louis Picamoles Montpellier HR
54%
Centre Wesley Fofana ASM Clermont
49%
Troisième Ligne Wenceslas Lauret Racing 92
47%
Centre Pierre-Louis Barassi Lyon OU
45%
Deuxième Ligne Sébastien Vahaamahina ASM Clermont
45%
Centre Sofiane Guitoune Stade Toulousain
45%
Troisième Ligne Yacouba Camara Montpellier HR
37%
Deuxième Ligne Paul Gabrillagues Stade Français
35%
Ailier Vincent Rattez Stade Rochelais
33%
Troisième Ligne Arthur Iturria ASM Clermont
30%
Talonneur Christopher Tolofua RC Toulon
23%
Pilier Cedate Gomes Sa Racing 92
21%
Pilier Emerick Setiano RC Toulon
21%
Aucun quiz correspondant
Distribution des résultats
% des personnes avec chaque résultat
Percentile par nombre de réponses
Votre historique - résultats
Vous n’avez pas pris ce quiz